000 00390cam a2200157ua 4500
041 _aeng
_h
082 _a028.799
_bBAR/TI
100 _aBartholomew, John C .
245 _aTimes atlas of the world /
_cJohn C Bartholomew.
_hTextual Documents
250 _a7 /
_b.
260 _aLondon :
_bTimes books ,
_c1985.
300 _a227 ; .
504 _a
942 _cBK
999 _c6876
_d6876